000 00744nam a2200289Ia 4500
005 20251020182456.0
008 200515s9999 xx 000 0 und d
020 _a970-10-4826-1
082 _a624.051/G21
100 _aEspino Márquez, Luis Ignacio
100 _aGallo Ortiz, Gabriel
100 _aOlvera Montes, Alfonso Emilio
245 0 _aDiseño Estructural de Casas Habitación
250 _a2a ed.
260 _aMéxico, D.F.
260 _bMcGraw-Hill
260 _c2005
300 _a187 p.
300 _bil., tbl., graf.
500 _a1 ejemplar
650 _aCASAS HABITACIONES
650 _aDISEÑO ESTRUCTURAL
650 _aMATERIALES
650 _aSISTEMAS CONSTRUCTIVOS
942 _cLIB
999 _c1028
_d1028